Byene/Tettstedene i Østfold over 2,000 innbyggere - Statistics

General Stats
  • This quiz has been taken 53 times
  • The average score is 7 of 12
Answer Stats
Befolkning By % Correct
111,267 Fredrikstad / Sarpsborg
100%
25,300 Halden
98%
46,618 Moss
98%
14,259 Askim
90%
6,513 Mysen
78%
4,634 Rakkestad
78%
5,824 Spydeberg
56%
2,991 Lervik
15%
2,515 Ryggebyen
15%
2,233 Karlshus
12%
2,039 Skjønhaug
12%
2,265 Spetalen
10%
No matching quizzes found
Score Distribution
Percent of People with Each Score
Percentile by Number Answered
Your Score History
You have not taken this quiz